| 000 | 00706nam a2200265Ia 4500 | ||
|---|---|---|---|
| 005 | 20260121165910.0 | ||
| 008 | 008 260114s9999 xx 000 0 eng d | ||
| 020 | _a9783319396019 | ||
| 037 | _aEBOOK | ||
| 040 | _aCRL | ||
| 040 | _beng | ||
| 040 | _cCRL | ||
| 041 | _2eng | ||
| 041 | _aeng | ||
| 084 | _qCRL | ||
| 100 |
_aCarl K. Chang, Lorenzo Chiari, Yu Cao, Hai Jin, Mounir Mokhtari, Hamdi Aloulou _91057396 |
||
| 245 | 0 | _aInclusive Smart Cities and Digital Health | |
| 260 | _bSpringer | ||
| 260 | _bSpringer | ||
| 260 | _c2016 | ||
| 856 | _uhttps://link.springer.com/openurl?genre=book&isbn=978-3-319-39601-9 | ||
| 942 | _cEBOOK | ||
| 999 |
_c1623125 _d1623125 |
||